| 000 -CABECERA |
| Longitud fija campo de control |
00665nam a2200193 a 4500 |
| 001 - NÚMERO DE CONTROL |
| Número de control |
2114 |
| 003 - IDENTIFICADOR DEL NÚMERO DE CONTROL |
| Identificador del número de control |
CDMR |
| 005 - FECHA Y HORA DE LA ÚLTIMA TRANSACCIÓN |
| Fecha y hora de la última transacción |
20131128163616.0 |
| 008 - CÓDIGOS DE INFORMACIÓN DE LONGITUD FIJA |
| Códigos de información de longitud fija |
130130s1985||||||||||||||||||||||||||||d |
| 040 ## - FUENTE DE LA CATALOGACIÓN |
| Centro catalogador de origen |
CDMR |
| Lengua de catalogación |
cat |
| Centro transcriptor |
CDMR |
| 100 1# - PUNTO DE ACCESO PRINCIPAL-NOMBRE DE PERSONA |
| Nombre de persona |
Carrillo, Marc |
| 9 (RLIN) |
335 |
| 245 13 - MENCIÓN DE TÍTULO |
| Título |
La libertad de prensa en la Constitución española de 1978 |
| Mención de responsabilidad, etc. |
Marc Carrillo López |
| 260 ## - PUBLICACIÓN, DISTRIBUCIÓN, ETC. (PIE DE IMPRENTA) |
| Lugar de publicación, distribución, etc. |
Barcelona |
| Fecha de publicación, distribución, etc. |
1985 |
| 300 ## - DESCRIPCIÓN FÍSICA |
| Extensión |
508 p. |
| 502 ## - NOTA DE TESIS |
| Nota de tesis |
Tesi dirigida per Jordi Solé Tura i presentada el 16 de maig de 1985 a la |
| Nombre de la institución que otorga el tí,tulo |
Facultat de Dret de la Universitat de Barcelona |
| 650 04 - PUNTO DE ACCESO ADICIONAL DE MATERIA - TÉRMINO DE MATERIA |
| 9 (RLIN) |
4150 |
| Término de materia o nombre geográfico como elemento inicial |
Llibertat d'impremta |
| Subdivisión geográfica |
Espanya |
| 650 04 - PUNTO DE ACCESO ADICIONAL DE MATERIA - TÉRMINO DE MATERIA |
| 9 (RLIN) |
4383 |
| Término de materia o nombre geográfico como elemento inicial |
Premsa |
| Subdivisión de materia general |
Dret i legislació |
| Subdivisión geográfica |
Espanya |
| 942 ## - ENTRADA DE ELEMENTOS AGREGADOS (KOHA) |
| Koha [por defecto] tipo de item |
Tesines |
| Fuente de clasificaión o esquema |
|